000 00290nam a2200109 a 4500
005 20140414093832.0
008 970109s19uu xx 00 eng d
050 _aVHS 700
_bOR 19
245 _aMusic Magic Video Library :
_bPerforming in Groups in Groups.
942 _cAVM
999 _c108813
_d108813